<?xml version="1.0" encoding="UTF-8"?><?xml-stylesheet type="text/xsl" href="static/style.xsl"?><OAI-PMH xmlns="http://www.openarchives.org/OAI/2.0/" xmlns:xsi="http://www.w3.org/2001/XMLSchema-instance" xsi:schemaLocation="http://www.openarchives.org/OAI/2.0/ http://www.openarchives.org/OAI/2.0/OAI-PMH.xsd"><responseDate>2026-04-13T16:53:18Z</responseDate><request verb="GetRecord" identifier="oai:www.recercat.cat:2117/411544" metadataPrefix="marc">https://recercat.cat/oai/request</request><GetRecord><record><header><identifier>oai:recercat.cat:2117/411544</identifier><datestamp>2025-07-23T03:52:03Z</datestamp><setSpec>com_2072_1033</setSpec><setSpec>col_2072_452951</setSpec></header><metadata><record xmlns="http://www.loc.gov/MARC21/slim" xmlns:dcterms="http://purl.org/dc/terms/" xmlns:xsi="http://www.w3.org/2001/XMLSchema-instance" xmlns:doc="http://www.lyncode.com/xoai" xsi:schemaLocation="http://www.loc.gov/MARC21/slim http://www.loc.gov/standards/marcxml/schema/MARC21slim.xsd">
   <leader>00925njm 22002777a 4500</leader>
   <datafield ind2=" " ind1=" " tag="042">
      <subfield code="a">dc</subfield>
   </datafield>
   <datafield ind2=" " ind1=" " tag="720">
      <subfield code="a">Feliu Juan, María</subfield>
      <subfield code="e">author</subfield>
   </datafield>
   <datafield ind2=" " ind1=" " tag="260">
      <subfield code="c">2024-05-06</subfield>
   </datafield>
   <datafield ind2=" " ind1=" " tag="520">
      <subfield code="a">Demand forecasting is very crucial for companies in the FMCG sector especially in today’s dynamic market environment. The thesis explores the complicated nature of forecasting in an FMCG company, encompassing both long-term and short-term techniques. Long term forecasting works through carefully purging remaining inputs from other departments and a thorough analysis on sales data from previous year. These inputs are carefully calculated and incorporated into future projections with exactitude. Contrary to this, short term forecasting is traditionally carried out through dividing out of the long-term forecast while accounting for weekly fluctuations. However, this thesis presents a more intricate approach to short-term forecasting. This implies that it seeks to bring together long-term forecasts combined with weighted profile that varies across weeks including historical sales from two prior weeks, adjusted for unusual events and product anomalies. In addition, these promotions are accurately timed as per their respective weeks while comprehensive examination is done in order to validate the forecast with respect to past performance. The main goal of this thesis was therefore to assess whether or not the suggested short term forecasting approach was more effective than conventional methods. Through a comprehensive analysis of various parameters and metrics, the comparative study aims to identify the advantages and potential drawbacks of each methodology.</subfield>
   </datafield>
   <datafield tag="653" ind2=" " ind1=" ">
      <subfield code="a">Àrees temàtiques de la UPC::Economia i organització d'empreses</subfield>
   </datafield>
   <datafield tag="653" ind2=" " ind1=" ">
      <subfield code="a">Physical distribution of goods</subfield>
   </datafield>
   <datafield tag="653" ind2=" " ind1=" ">
      <subfield code="a">Consumers</subfield>
   </datafield>
   <datafield tag="653" ind2=" " ind1=" ">
      <subfield code="a">Marketing--Management</subfield>
   </datafield>
   <datafield tag="653" ind2=" " ind1=" ">
      <subfield code="a">Distribució de mercaderies</subfield>
   </datafield>
   <datafield tag="653" ind2=" " ind1=" ">
      <subfield code="a">Consumidors</subfield>
   </datafield>
   <datafield tag="653" ind2=" " ind1=" ">
      <subfield code="a">Màrqueting--Administració</subfield>
   </datafield>
   <datafield ind2="0" ind1="0" tag="245">
      <subfield code="a">Enhancing demand forecasting: an analysis of factors impacting sales and implementation of improved methodologies for accurate prediction</subfield>
   </datafield>
</record></metadata></record></GetRecord></OAI-PMH>